Zdravotné karty pre potraviny Certifikácia má prispieť k ochrane spotrebiteľa

Povinná certifikácia výrobkov - opatrenia na ochranu spotrebiteľa a domáceho trhu. Zavedenie dovoznej prirážky pri dovoze tovarov na Slovensko. Dohody medzi ČR a SR o vzájomnom uznávaní štátnych skúšobní. Vývoz a dovoz poľnohospodárskych a potravinárskych tovarov medzi SR a ČR v roku 1993.

Na minha lista:
Detalhes bibliográficos
Autor principal: Lipianska, Ľudmila
Formato: Capítulo de Livro
Idioma:eslovaco
Assuntos:
Tags: Adicionar Tag
Sem tags, seja o primeiro a adicionar uma tag!

MARC

LEADER 00000naa a2200000 4500
001 r001029
005 20221205090904.7
041 0 |a slo 
044 |a SK 
245 1 0 |a Zdravotné karty pre potraviny  |b Certifikácia má prispieť k ochrane spotrebiteľa  |c Ľudmila Lipianska 
520 |a Povinná certifikácia výrobkov - opatrenia na ochranu spotrebiteľa a domáceho trhu. Zavedenie dovoznej prirážky pri dovoze tovarov na Slovensko. Dohody medzi ČR a SR o vzájomnom uznávaní štátnych skúšobní. Vývoz a dovoz poľnohospodárskych a potravinárskych tovarov medzi SR a ČR v roku 1993. 
610 2 0 |a certifikácia 
610 2 0 |a potravinárstvo 
610 2 0 |a ochrana spotrebiteľa 
610 2 0 |a únie colné 
610 2 0 |a ochrana colná 
610 2 0 |a dovoz 
610 2 0 |a skúšobníctvo štátne 
100 1 |a Lipianska, Ľudmila